Flags of Oceania- Countries and Territories - Statistics

General Stats
  • This quiz has been taken 302 times
  • The average score is 21 of 26
Answer Stats
Picture Answer % Correct
Kiribati
98%
Micronesia
97%
Papua New Guinea
92%
American Samoa
90%
Samoa
90%
Solomon Islands
90%
New Zealand
89%
Palau
89%
Australia
88%
Nauru
88%
Fiji
87%
Tonga
87%
Marshall Islands
86%
Vanuatu
86%
Tuvalu
85%
Guam
80%
French Polynesia
79%
Cook Islands
76%
Niue
74%
New Caledonia
73%
Tokelau
68%
Norfolk Island
65%
Northern Mariana Islands
63%
Wallis and Futuna
63%
Pitcairn
61%
Rapa Nui
28%
No matching quizzes found
Score Distribution
Percent of People with Each Score
Percentile by Number Answered
Your Score History
You have not taken this quiz